15 Najwartościowszych Piłkarzy MLS - Statystyki

Ogólne statystyki
  • Ten quiz został rozwiązany 61 razy
    12 od ostatniego zresetowania
  • Średni wynik to 1 z 15
Statystyki odpowiedzi
Wartość Piłkarz % Poprawnych
30 mln Lionel Messi
92%
13 mln Cucho Hernandez
17%
12 mln Riqui Puig
17%
12 mln Hany Mukhtar
8%
27 mln Thiago Almada
8%
8 mln Daniel Gazdag
0%
10 mln Denis Bouanga
0%
8 mln Evander
0%
14 mln Facundo Torres
0%
9 mln Federico Redondo
0%
11 mln Hugo Cuypers
0%
9 mln Jesus Fereira
0%
9,50 mln Joseph Paintsill
0%
10 mln Sebastian Driussi
0%
10 mln Talles Magno
0%
Nie znaleziono quizów pasujących do podanych kryteriów
Rozkład punktacji
Procent ludzi z każdym wynikiem
Percentyl według liczby udzielonych odpowiedzi
Twoja historia wyników
Nie rozwiązałeś tego quizu od ostatniego zresetowania